[Event "Hillerod Nordea Cup D"]
[Site "Hillerod"]
[Date "2014.04.29"]
[Round "1"]
[White "Larsen, Daniel"]
[Black "Pedersen, Ole J"]
[Result "1-0"]
[WhiteElo "1533"]
[BlackElo "1512"]
[PlyCount "21"]
[EventDate "2014.04.29"]
[EventType "tourn"]
[EventRounds "7"]
[EventCountry "DEN"]
[SourceTitle "EXT 2024"]
[Source "ChessBase"]
[SourceDate "2023.10.10"]
[SourceVersion "1"]
[SourceVersionDate "2023.10.10"]
[SourceQuality "1"]

1. d4 d5 2. c4 c6 3. Nf3 Bf5 4. Nc3 h6 5. Qb3 Qd7 6. cxd5 cxd5 7. Ne5 Qc8 8. Nxd5 e6 9. Qa4+ Nc6 10. Nc3 Be7 11. e4 1-0